El museo, cultura para todos / (Record no. 137084)

MARC details
000 -LEADER
campo de control de longitud fija 00710nam a2200205 4500
001 - NÚMERO DE CONTROL
campo de control 137084
003 - IDENTIFICADOR DE NÚMERO DE CONTROL
campo de control ES-MaACL
005 - FECHA Y HORA DE LA ÚLTIMA TRANSACCIÓN
campo de control 20230906195316.0
007 - CAMPO FIJO DE DESCRIPCIÓN FÍSICA--INFORMACIÓN GENERAL
campo de control de longitud fija t|
008 - DATOS DE LONGITUD FIJA--INFORMACIÓN GENERAL
campo de control de longitud fija 070214s1980 sp r ||||1| spa d
100 1# - ENTRADA PRINCIPAL--NOMBRE DE PERSONA
Nombre de persona Salas López, Fernando de.
9 (RLIN) 101763
245 13 - MENCIÓN DEL TÍTULO
Título El museo, cultura para todos /
Mención de responsabilidad, etc. Fernando de Salas López.
260 ## - PUBLICACIÓN, DISTRIBUCIÓN, ETC.
Lugar de publicación, distribución, etc. Madrid :
Nombre del editor, distribuidor, etc. Ministerio de Cultura, Secretaría General Técnica,
Fecha de publicación, distribución, etc. 1980.
300 ## - DESCRIPCIÓN FÍSICA
Extensión 334 p. :
Otras características físicas il. ;
Dimensiones 19 cm +
Material acompañante/anejo 1 h. pleg.
490 1# - MENCIÓN DE SERIE
Mención de serie Cultura y comunicación
710 1# - ENTRADA AGREGADA--NOMBRE DE ENTIDAD CORPORATIVA
Nombre de entidad corporativa o nombre de jurisdicción como elemento de entrada España.
Unidad subordinada Ministerio de Cultura.
-- Secretaría General Técnica.
9 (RLIN) 3852
830 0# - PUNTO DE ACCESO ADICIONAL DE SERIE-TÍTULO UNIFORME
Título uniforme Cultura y comunicación
9 (RLIN) 181260
852 ## - LOCALIZACIÓN
Ubicación ES-MaACL
Número de control de estantería C-6885
Sublocalización o colección R.100597
Holdings
Estatus retirado Estado de pérdida Estado de daño No para préstamo Biblioteca de origen Biblioteca actual Ubicación en estantería Fecha de adquisición Fuente de adquisición Total de préstamos Signatura topográfica completa Código de barras Visto por última vez Precio de reemplazo Tipo de ítem Koha
        Biblioteca del Ateneo de Madrid Biblioteca del Ateneo de Madrid Sala Palomar 17/01/2008     C-6885 1142659 23/02/2023 23/02/2023 Libro impreso